<?xml version="1.0" encoding="UTF-8"?>
<record
    xmlns:xsi="http://www.w3.org/2001/XMLSchema-instance"
    xsi:schemaLocation="http://www.loc.gov/MARC21/slim http://www.loc.gov/standards/marcxml/schema/MARC21slim.xsd"
    xmlns="http://www.loc.gov/MARC21/slim">

  <leader>01529nam a2200193 a 4500</leader>
  <controlfield tag="001">ASIN0070631840</controlfield>
  <controlfield tag="005">20140821181732.0</controlfield>
  <controlfield tag="008">140821s1993    xxu                 eng d</controlfield>
  <datafield tag="020" ind1=" " ind2=" ">
    <subfield code="a">0070631840 (hardcover)</subfield>
    <subfield code="c">$55.00</subfield>
  </datafield>
  <datafield tag="020" ind1=" " ind2=" ">
    <subfield code="a">9780070631847 (hardcover)</subfield>
  </datafield>
  <datafield tag="100" ind1="1" ind2=" ">
    <subfield code="a">Taylor, Carson W.</subfield>
  </datafield>
  <datafield tag="245" ind1="1" ind2="0">
    <subfield code="a">Power system voltage stability /</subfield>
    <subfield code="c">Carson W. Taylor.</subfield>
  </datafield>
  <datafield tag="260" ind1=" " ind2=" ">
    <subfield code="a">[S.l.] :</subfield>
    <subfield code="b">Mcgraw-Hill (Tx),</subfield>
    <subfield code="c">1993.</subfield>
  </datafield>
  <datafield tag="300" ind1=" " ind2=" ">
    <subfield code="a">273 p. ;</subfield>
    <subfield code="c">25 cm.</subfield>
  </datafield>
  <datafield tag="490" ind1="1" ind2=" ">
    <subfield code="a">Electric power research institute power system engineering.</subfield>
  </datafield>
  <datafield tag="520" ind1=" " ind2=" ">
    <subfield code="a">Voltage stability is a major concern in the planning and operation of electric power systems. This book provides a clear, in-depth explanation of voltage stability, covering both transient and longer-term phenomena and presenting proven solutions to instability problems. The book describes equipment characteristics for transmission, generation, and distribution/load subsystems of a power system, together with methods for the modelling of equipment. Readers will find static and dynamic computer simulation examples for small equivalent power systems and for a very large power system, plus an account of voltage stability associated with HVDC links. They will also get helpful planning and operating guidelines, computer methods for power flow and dynamic simulation, and descriptions of actual voltage instability incidents.</subfield>
  </datafield>
  <datafield tag="830" ind1=" " ind2="0">
    <subfield code="a">Electric power research institute power system engineering.</subfield>
  </datafield>
  <datafield tag="856" ind1="4" ind2="0">
    <subfield code="3">Amazon.com</subfield>
    <subfield code="u">http://www.amazon.com/exec/obidos/ASIN/0070631840/chopaconline-20</subfield>
  </datafield>
  <datafield tag="999" ind1=" " ind2=" ">
    <subfield code="c">8941</subfield>
    <subfield code="d">8941</subfield>
  </datafield>
  <datafield tag="952" ind1=" " ind2=" ">
    <subfield code="0">0</subfield>
    <subfield code="1">0</subfield>
    <subfield code="4">0</subfield>
    <subfield code="7">0</subfield>
    <subfield code="8">REF</subfield>
    <subfield code="a">REF</subfield>
    <subfield code="b">REF</subfield>
    <subfield code="d">2014-08-21</subfield>
    <subfield code="g">950.30</subfield>
    <subfield code="l">0</subfield>
    <subfield code="o">TAY   (Shelf - 50E)</subfield>
    <subfield code="p">21221</subfield>
    <subfield code="r">2014-08-21 00:00:00</subfield>
    <subfield code="y">BK</subfield>
  </datafield>
</record>
